000
00341nam a22001457a 4500
008
210225b ||||| |||| 00| 0 eng d
020
_a
2900132664379
041
_a
eng
080
_2
7th
_a
33
082
_a
33
100
_a
59
101
_a
BIZ
245
_a
Contemporary Business and Online Commerce Law
_c
Cheeseman,H.R
942
_2
udc
_c
BK
999
_c
55176
_d
55176